000 00294nam a22001337a 4500
008 170724b xxu||||| |||| 00| 0 eng d
020 _a0805806180
041 _aeng
080 _a004
100 _a29
101 _aSHK
245 _aEDITING FOR TODAY'S NEWSROOM
_cSTEPP,C.S
942 _2udc
_cBK
999 _c21824
_d21824